UBT Library

Fundamentals of electronics for speech-language pathologists and audiologists / (Record no. 43186)

000 -LEADER
fixed length control field 00858pam a2200253 a 4500
001 - CONTROL NUMBER
control field 4980039
005 - DATE AND TIME OF LATEST TRANSACTION
control field 20180222071253.0
008 - FIXED-LENGTH DATA ELEMENTS--GENERAL INFORMATION
fixed length control field 980501s1999 maua b 001 0 eng c
010 ## - LIBRARY OF CONGRESS CONTROL NUMBER
LC control number 98023832
020 ## - INTERNATIONAL STANDARD BOOK NUMBER
International Standard Book Number 0134745299
020 ## - INTERNATIONAL STANDARD BOOK NUMBER
International Standard Book Number 0134745299
040 ## - CATALOGING SOURCE
Original cataloging agency DNLM/DLC
Transcribing agency DLC
Modifying agency DLC
041 ## - LANGUAGE CODE
Language code of text/sound track or separate title eng
060 10 - NATIONAL LIBRARY OF MEDICINE CALL NUMBER
Classification number WL 26 S587f 1998
080 ## - UNIVERSAL DECIMAL CLASSIFICATION NUMBER
Universal Decimal Classification number 616.85506028 SIL
082 00 - DEWEY DECIMAL CLASSIFICATION NUMBER
Classification number 616.85506028 SIL
Edition number 21
100 1# - Rafti
Rafti 9
101 ## - Shkurtesa
Shkurtesa PAT
245 10 - TITLE STATEMENT
Title Fundamentals of electronics for speech-language pathologists and audiologists /
Statement of responsibility, etc Franklin H. Silverman.
504 ## - BIBLIOGRAPHY, ETC. NOTE
Bibliography, etc Includes bibliographical references (p. 185-186) and index.
906 ## - LOCAL DATA ELEMENT F, LDF (RLIN)
a 7
b cbc
c orignew
d 1
e ocip
f 19
g y-gencatlg
942 ## - ADDED ENTRY ELEMENTS (KOHA)
Source of classification or shelving scheme
Item type Books
Holdings
Withdrawn status Lost status Source of classification or shelving scheme Damaged status Not for loan Collection code Permanent location Current location Shelving location Date acquired Total Checkouts Full call number Barcode Date last seen Price effective from Koha item type
          Koleksioni i përgjithshem UBT - Lipjan UBT - Lipjan Koleksioni i përgjithshem 02/22/2018   616.85506028 SIL 002-2999892 02/22/2018 02/22/2018 Books
UBT Library © 2015-2024. All rights reserved University Education for Business and Technology